000 01279nam a2200373 a 4500
001 609498
003 OSt
005 20140310181641.0
008 930923s1991 nyua j 000 1 eng d
010 _a 91221598
020 _a0440404517
035 _a(OCoLC)23273851
040 _aOT
_cOT
_dOBgU
_dDLC
042 _alccopycat
050 0 0 _aPZ 7
_b.H652 1991
082 _aKF
_bH55t 1991
100 1 _aHiller, B. B.
_96541
245 1 0 _aTeenage mutant ninja turtles II :
_bthe secret of the ooze /
_ca novelization by B.B. Hiller ; based on the screenplay by Todd W. Langen.
260 _aNew York :
_bDell,
_cc1991.
300 _a105 p. :
_bill. ;
_c20 cm.
541 _j1
562 _eFor circulation.1 copy available in the collection
650 1 _aHeroes
_xFiction.
_96542
650 1 _aAdventure and adventurers
_xFiction.
_96543
650 1 _aMartial arts
_xFiction.
_96544
700 1 _aLangen, Todd W.
_96545
730 0 _aTeenage Mutant Ninja Turtles (Motion picture)
_96546
740 0 _aTeenage mutant ninja turtles 2.
740 0 _aTeenage mutant ninja turtles two.
740 0 _aSecret of the ooze.
906 _a7
_bcbc
_ccopycat
_d4
_encip
_f19
_gy-gencatlg
942 _2lcc
_cBK-KF
_kKF
999 _c795
_d795